Growing the kingdom : (Record no. 9875)
[ view plain ]
| 000 -LEADER | |
|---|---|
| fixed length control field | 01098nam a22002177a 4500 |
| 003 - CONTROL NUMBER IDENTIFIER | |
| control field | GBCCL |
| 005 - DATE AND TIME OF LATEST TRANSACTION | |
| control field | 20241126110720.0 |
| 008 - FIXED-LENGTH DATA ELEMENTS--GENERAL INFORMATION | |
| fixed length control field | 230809b ||||| |||| 00| 0 eng d |
| 020 ## - INTERNATIONAL STANDARD BOOK NUMBER | |
| International Standard Book Number | 9788184580938, |
| 020 ## - INTERNATIONAL STANDARD BOOK NUMBER | |
| International Standard Book Number | 8184580932 |
| 040 ## - CATALOGING SOURCE | |
| Transcribing agency | gbc |
| 082 ## - DEWEY DECIMAL CLASSIFICATION NUMBER | |
| Classification number | 227.8706 |
| Item number | RED |
| 100 ## - MAIN ENTRY--PERSONAL NAME | |
| Personal name | Redfern, Alastair |
| 9 (RLIN) | 13194 |
| 245 ## - TITLE STATEMENT | |
| Title | Growing the kingdom : |
| Remainder of title | the letter to the Hebrews as a resource for mission / |
| Statement of responsibility, etc. | Alastair Redfern |
| 260 ## - PUBLICATION, DISTRIBUTION, ETC. | |
| Place of publication, distribution, etc. | Delhi, |
| Name of publisher, distributor, etc. | Indian Society for Promoting Christian Knowledge, |
| Date of publication, distribution, etc. | 2009 |
| 300 ## - PHYSICAL DESCRIPTION | |
| Extent | xii, 112 pages ; |
| Dimensions | 22 cm |
| 505 ## - FORMATTED CONTENTS NOTE | |
| Formatted contents note | Mission and Growth are the watchwords of much of our contemporary church thinking. In this volume Dr. Redfern provides a series of meditations on the Letter to the Hebrews that reveal it to be a valuable resource for contemporary mission, and a manual for using the gifts God provides through Jesus for growing His Kingdom among is, as relevant today as in the First Century. -- Publisher's statement |
| 650 ## - SUBJECT ADDED ENTRY--TOPICAL TERM | |
| Topical term or geographic name entry element | Bible. |
| Form subdivision | Hebrews |
| 9 (RLIN) | 14705 |
| 650 ## - SUBJECT ADDED ENTRY--TOPICAL TERM | |
| Topical term or geographic name entry element | Bible. |
| Form subdivision | Hebrews |
| General subdivision | Criticism, interpretation, etc |
| 9 (RLIN) | 14704 |
| 942 ## - ADDED ENTRY ELEMENTS (KOHA) | |
| Source of classification or shelving scheme | Dewey Decimal Classification |
| Koha item type | Books |
| Withdrawn status | Lost status | Source of classification or shelving scheme | Damaged status | Not for loan | Home library | Current Library | Shelving location | Date acquired | Source of acquisition | Total checkouts | Full call number | Barcode | Date last seen | Copy number | Price effective from | Koha item type |
|---|---|---|---|---|---|---|---|---|---|---|---|---|---|---|---|---|
| Dewey Decimal Classification | GRACE BIBLE COLLEGE | GRACE BIBLE COLLEGE | Biblical Studies | 2023-08-09 | ISPCK | 227.8706 RED | 016125 | 2025-05-01 | c.1 | 2023-08-09 | Books |